000 00785nam a22002777a 4500
001 BR0703888
003 BR-BrBNA
005 20230928102514.0
007 ta
008 230509b bl.||||| |||| 00| 0 por d
040 _aBR-BrBNA
_bpor
_cBiblioteca Nacional de Agricultura
041 _a(Por)
072 _aP01; E50
090 _ P01 BR0703888
100 1 _aInstituto Brasileiro de Análises Sociais e Econômicas, Rio de Janeiro, RJ (Brazil)
245 1 _aMeio ambiente e democracia
260 3 _aRio de Janeiro, RJ (Brasil):
_c2005.
300 _a123 p.
650 _aMEIO AMBIENTE
650 _aDESENVOLVIMENTO SUSTENTÁVEL
650 _aRESÍDUO
650 _aRECICLAGEM
650 _aDESENVOLVIMENTO SOCIAL
909 _a202309
_bLucia
_c55
_dLucia Elande
942 _cBK
999 _c71100
_d71100